| 000 | 01336nam a2200385Ic 4500 | ||
|---|---|---|---|
| 001 | 57931 | ||
| 003 | CO-BoRNBP | ||
| 005 | 20250812205955.0 | ||
| 007 | ta | ||
| 008 | 170328s2014 mx a g 000 0 spa | ||
| 020 | _a9786071612663 | ||
| 040 |
_aCO-BoRNBP _bspa _erda _cCO-BoRNBP |
||
| 041 | _aspa | ||
| 084 | _aA | ||
| 100 |
_aBrenman, Ilan, _d1973- _eaut _962066 |
||
| 245 | 1 | 0 |
_aTeléfono descompuesto / _cIlan Brenman, Renato Moriconi. |
| 250 | _aPrimera edición | ||
| 264 | 1 |
_aMéxico : _bFondo de Cultura Económica, _c2014 |
|
| 300 |
_a[33] páginas : _bilustraciones a color |
||
| 336 |
_atexto _btxt _2rdacontent |
||
| 337 |
_asin mediación _bn _2rdamedia |
||
| 338 |
_avolumen _bnc _2rdacarrier |
||
| 490 | 0 | _aLos especiales de A la orilla del viento | |
| 500 | _aIncluye datos biográficos de los autores | ||
| 521 | _aRecomendado desde los 3 años | ||
| 650 | 0 | 4 |
_aÁlbumes infantiles brasileños _ysiglo xx _2LEMB _962067 |
| 650 | 0 | 7 |
_aComunicación _válbum infantil _2LEMB _962068 |
| 650 | 0 | 7 |
_aLibros ilustrados para niños _2LEMB _92001 |
| 650 | 0 | 4 |
_aLiteratura infantil brasileña _ysiglo xx _2LEMB _9900 |
| 650 | 0 | 7 |
_aMensajes _válbum infantil _2lemb _962069 |
| 655 |
_aÁlbumes infantiles _9324624 |
||
| 700 |
_aMedina, Adriana _etrl _962070 |
||
| 700 |
_aMoriconi, Renato _eill _962071 |
||
| 942 |
_2loc _cBKINF |
||
| 999 |
_c57931 _d57931 |
||